Defence offsets : (Record no. 139008)

MARC details
000 -LEADER
fixed length control field 00696nam a22001937a 4500
005 - DATE AND TIME OF LATEST TRANSACTION
control field 20170418155957.0
010 ## - LCCN (DPL NO)
LC control number ENG-117851
020 ## - INTERNATIONAL STANDARD BOOK NUMBER
International Standard Book Number 9789382169536
Terms of availability 200.00
035 ## - SYSTEM CONTROL NUMBER
System control number EN-101383
037 ## - SOURCE OF ACQUISITION
Source of stock number/acquisition DBAD/PUB
082 ## - DEWEY DECIMAL CLASSIFICATION NUMBER
Classification number 355.62120954
100 ## - MAIN ENTRY--PERSONAL NAME
Personal name Behera,Laxman Kumar
245 ## - TITLE STATEMENT
Title Defence offsets :
Statement of responsibility, etc by Laxman Kumar Behera
Remainder of title International best pratices and lessons for India /
260 ## - PUBLICATION, DISTRIBUTION, ETC. (IMPRINT)
Place of publication, distribution, etc New Delhi
Name of publisher, distributor, etc Institute for Defence Studies and Analysis
Date of publication, distribution, etc 2015
270 ## - ADDRESS
Address N0-1 Development Enclave,Rao Tula Ram Marg,Delhi Cantt
City New Delhi
Postal code 110010
300 ## - PHYSICAL DESCRIPTION
Extent 91p.
Dimensions 21cm (pbk)
490 ## - SERIES STATEMENT
Series statement IDSA Monograph Series N0-45 June 2015
942 ## - ADDED ENTRY ELEMENTS (KOHA)
Source of classification or shelving scheme Dewey Decimal Classification
Item type English Books
Classification part 355.62120954
Call number suffix BEH
Holdings
Withdrawn status Lost status Not for loan Collection code Home library Current library Date acquired Source of acquisition Cost, normal purchase price Full call number Barcode Copy number Cost, replacement price Koha item type
      Non-fiction Shahdara Branch Shahdara Branch 18/04/2017 DBAD/PUB 200.00 355.62120954 BEH EN-101383 1 200.00 English Books

© Delhi Public Library
Hit Counter
free hit counter